00624nam a2200157 a 45000010005000000030005000050050017000100080041000270400020000682450125000882600029002133000019002425000142002616500026004036500037004294179CDMR20131106112452.0130130s1989||||||||||||||||||||||||||||d aCDMRbcatcCDMR04aEls periodistes en el còmicb: Palau Marc, 18 al 21 de maig de 1989ccomissariat [...] Jaume Vidal i Carles Santamaria c1989bFICOMICaBarcelona a55 p.bil. b/n aCatàleg l'exposició Els periodistes en el còmic, organitzada amb motiu del 7è Saló Internacional del Còmic de Barcelona, 198904aPeriodistesyCòmics04aCòmicsxHistòria i crítica